00611 2200217 4500001002100000005001700021008004100038035002500079040001200104082001000116084001400126245005700140260004800197300004100245650002300286850001200309990001800321990001800339990001800357990001800375INLIS00000000001615920160113081132.0  a0010-011600000000250 aYOPDYOG a621.3 a621.3 Car aCARA aman penggunaan peralatan listrik rumah tangga. aJakartabBadan Standardisasi Nasionalc2014 aiv, 14 hlm.b: ilus.c21 cm [2 eks.] aListrik, alat-alat aYOPDYOG a46611-PD/A.15 a46612-PD/A.15 a46611-PD/A.15 a46612-PD/A.15